| 000 | 00647nab a2200229 a 4500 | ||
|---|---|---|---|
| 005 | 20210219161749.0 | ||
| 008 | 991125s1985 mx 000 0 spa u | ||
| 035 | _aUPN01000191301 | ||
| 100 | 1 | _aRogoff, Barbara | |
| 222 | _aINFANCIA Y APRENDIZAJE = | ||
| 222 | _bJOURNAL FOR THE STUDY OF EDUCATION DEVELOPMENT | ||
| 245 | _aLearning without lessons : opportunities to expand knowledge | ||
| 260 | _aMadrid, EspaƱa | ||
| 300 | _a233-252 | ||
| 362 | 0 | _a2012 Vol. 35, no. 2, may. | |
| 653 | 0 | _aAPRENDIZAJE | |
| 653 | 0 | _aOBSERVACION | |
| 653 | 0 | _aPUEBLOS INDIGENAS | |
| 653 | 0 | _aMAYAS | |
| 653 | 0 | _aCOLABORACION | |
| 905 | _aArticulo | ||
| 999 |
_c163404 _d163404 |
||